000 00817cab a2200241 4500
001 WB2832-03
008 090401t1992 xxu||||| |||| 00| 0 eng d
035 _a(Sirsi) u65180
041 _aeng
100 _aEnsom, T.
245 _aCollateral warranties
260 _c1992
350 _a0
490 _aChartered Quantity Surveyor
_v14 (11/12) July/August 1992, 24(10
520 _aA brief look at the standard forms of collateral warranty for institutions, purchasers and tenants published by the BPF in association with the RICS, RIBA and ACE.
650 _aASSIGNMENT
650 _aBPF
650 _aBUILT ENVIRONMENT-BUILDING CONTRACT FORMS-CONSTRUCTION COLLATERAL WARRANTY FORMS
650 _aTENDERING
690 _aBUILT ENVIRONMENT-BUILDING CONTRACT FORMS
942 _n0
948 _c04/03/1997
999 _c40637
_d40637